000 01786nam a2200457 i 4500
001 25543
003 KOSZ 005
005 20220627135719.0
008 070614s1971 pl a f 000 0 pol
015 _aPB 1971/11866
040 _aWA N
_cWA N
_dKOSZ 005/RW
041 0 _apol
_beng
_bfre
_brus
046 _k1971
080 _a002
080 _a025.3
080 _a001
080 _a681.3
100 1 _aPoletyło, Mikołaj.
_eAutor
245 1 0 _aAnaliza funkcji tezaurusa w komputerowym systemie informacyjnym /
_cMikołaj Poletyło, Lucyna Bielicka.
260 _aWarszawa :
_bInstytut Informacji Naukowej, Technicznej i Ekonomicznej,
_c1971.
300 _a51 stron :
_bilustracje, errata ;
_c24 cm.
336 _aTekst
_btxt
_2rdacontent
337 _aBez urządzenia pośredniczącego
_bn
_2rdamedia
338 _aWolumin
_bnc
_2rdacarrier
380 _aKsiążki
380 _aPublikacje naukowe
388 _a1901-2000
490 1 _aPrace, Studia, Przyczynki / Instytut Informacji Naukowej, Technicznej i Ekonomicznej ;
_v6.
504 _aBibliografia na stronach 50-51.
546 _aStreszczenia w języku angielskim, francuskim, rosyjskim.
650 4 _aKomputeryzacja
658 _aBibliotekarstwo, archiwistyka, muzealnictwo
658 _aInformatyka i technologie informacyjne
650 4 _aSystemy informacyjne
655 4 _aTezaurus
700 1 _aBielicka, Lucyna Anna.
_eAutor
710 2 _aInstytut Informacji Naukowej, Technicznej i Ekonomicznej
_4pbl.
830 0 _aPrace, Studia, Przyczynki - Instytut Informacji Naukowej, Technicznej i Ekonomicznej
_v6.
856 _uhttp://koha.tu.koszalin.pl/cgi-bin/koha/opac-detail.pl?biblionumber=25543
_yKatalog online BPK
942 _2UKD
_cKS
999 _c25543
_d25543